000 00318nam a2200145Ia 4500
008 240112s2018 xx 000 0 und d
022 _a195863
041 _aeng
082 _a612
100 _aMEHTA A.K.
245 _aINDIAN MEDICAL GAZETTE
260 _bPANDY
_c2018
300 _a202
_c1-12
440 _vCLII
999 _c1145567
_d1145567